[Event "Split op 1st"]
[Site "Split"]
[Date "2011.08.07"]
[Round "3"]
[White "Sunara, Tomislav"]
[Black "Dragomirescu, Angela"]
[Result "0-1"]
[WhiteElo "1977"]
[BlackElo "2190"]
[PlyCount "62"]
[EventDate "2011.08.05"]
[EventType "swiss"]
[EventRounds "9"]
[EventCountry "CRO"]
[SourceTitle "CBM 143 Extra"]
[Source "ChessBase"]
[SourceDate "2011.08.29"]
[SourceVersion "1"]
[SourceVersionDate "2011.08.29"]
[SourceQuality "1"]

1. e4 d6 2. d4 Nf6 3. Bd3 e5 4. c3 d5 5. dxe5 Nxe4 6. Bxe4 dxe4 7. Qa4+ Bd7 8. Qxe4 Bc6 9. Qg4 h5 10. Qg3 h4 11. Qg4 Qd7 12. e6 Qxe6+ 13. Qxe6+ fxe6 14. f3 Nd7 15. Be3 Ne5 16. b3 h3 17. g3 Nxf3+ 18. Nxf3 Bxf3 19. 0-0 Bg2 20. Re1 0-0-0 21. Nd2 Rd3 22. Rac1 Be7 23. Nc4 Bf6 24. Bf2 Rhd8 25. Ne3 Bf3 26. Nc4 Rxc3 27. Rxc3 Bxc3 28. Rb1 b5 29. Ne3 a6 30. a4 Rd3 31. axb5 axb5 0-1

[Event "CRO-chT1B 19th"]
[Site "Sibenik"]
[Date "2010.09.09"]
[Round "6"]
[White "Sunara, Tomislav"]
[Black "Dulic, Grgur"]
[Result "0-1"]
[WhiteElo "1979"]
[BlackElo "2243"]
[PlyCount "76"]
[EventDate "2010.09.04"]
[EventType "team-tourn"]
[EventRounds "9"]
[EventCountry "CRO"]
[SourceTitle "CBM 138 Extra"]
[Source "ChessBase"]
[SourceDate "2010.10.29"]
[SourceVersion "1"]
[SourceVersionDate "2010.10.29"]
[SourceQuality "1"]

1. e4 c5 2. Nf3 Nc6 3. d4 cxd4 4. Nxd4 Nf6 5. Nc3 e6 6. a3 a6 7. Be2 Qc7 8. Be3 b5 9. 0-0 Bb7 10. f4 Bc5 11. Qd3 Qb6 12. Rad1 d6 13. Kh1 0-0 14. Bg1 e5 15. Nf5 Bxg1 16. Qg3 g6 17. Rxg1 Nd4 18. Bf3 Nxf5 19. exf5 e4 20. Be2 d5 21. fxg6 fxg6 22. f5 d4 23. Nb1 e3 24. Bf3 Ne4 25. Bxe4 Bxe4 26. Qe5 Bxf5 27. Rxd4 Rae8 28. Qd5+ Qe6 29. Re1 Qxd5 30. Rxd5 Be4 31. Rg5 Bxc2 32. Nc3 Rf2 33. Kg1 Bd3 34. Rg3 Ref8 35. Rf3 R8xf3 36. gxf3 Rxf3 37. b4 Kg7 38. Nd5 e2 0-1

[Event "Split op"]
[Site "Split"]
[Date "2009.05.05"]
[Round "6"]
[White "Sunara, Tomislav"]
[Black "Plenkovic, Zdenko"]
[Result "1/2-1/2"]
[WhiteElo "1954"]
[BlackElo "2365"]
[PlyCount "147"]
[EventDate "2009.04.28"]
[EventType "swiss"]
[EventRounds "7"]
[EventCountry "CRO"]
[SourceTitle "CBM 130 Extra"]
[Source "ChessBase"]
[SourceDate "2009.07.02"]
[SourceVersion "2"]
[SourceVersionDate "2009.07.15"]
[SourceQuality "1"]

1. e4 d5 2. exd5 Qxd5 3. Nf3 g6 4. d4 Bg7 5. c4 Qd8 6. Nc3 Nh6 7. Be2 0-0 8. Bxh6 Bxh6 9. 0-0 Bg7 10. Qd2 e5 11. Rad1 exd4 12. Nxd4 c6 13. Bf3 Qc7 14. Nde2 Nd7 15. b3 Ne5 16. Be4 Be6 17. Nf4 Bg4 18. f3 Rad8 19. Qc1 Bc8 20. Nfe2 Qa5 21. Bb1 Be6 22. Kh1 b5 23. cxb5 cxb5 24. Qe3 b4 25. Ne4 Qa3 26. Nd4 Bc8 27. h3 Ba6 28. Rfe1 Nd3 29. Nc6 Nxe1 30. Nxd8 Nd3 31. Nc6 Ne5 32. Ne7+ Kh8 33. Qxa7 Be2 34. Qxa3 bxa3 35. Rc1 Rd8 36. Rc8 Rxc8 37. Nxc8 Bd3 38. Bxd3 Nxd3 39. Ncd6 f5 40. Nd2 Nc1 41. N6c4 Bf8 42. Nb1 Nxb3 43. Nbxa3 Nc1 44. Nc2 Nxa2 45. N2e3 Kg7 46. Nd5 Nc1 47. Nf4 Be7 48. Nd5 Bc5 49. g3 Nd3 50. f4 Kf7 51. Kg2 Bd4 52. Kf3 Ke6 53. Nde3 Bf6 54. g4 Bd8 55. Ng2 Bc7 56. Nd2 Bb8 57. Nf1 Nc5 58. Nfe3 Nb3 59. Nc4 Nd4+ 60. Ke3 Ba7 61. Kd3 Nf3 62. Nce3 Ng1 63. gxf5+ gxf5 64. h4 h5 65. Ne1 Nh3 66. N3g2 Bf2 67. Nf3 Bg3 68. Ng5+ Nxg5 69. fxg5 Ke5 70. Ke3 Bh2 71. Kf3 f4 72. g6 Kf6 73. Nxf4 Bxf4 74. Kxf4 1/2-1/2

[Event "Split op 3rd"]
[Site "Split"]
[Date "2009.03.08"]
[Round "9"]
[White "Sunara, Tomislav"]
[Black "Juric Cvitanovic, Alen"]
[Result "1-0"]
[WhiteElo "1953"]
[BlackElo "1847"]
[PlyCount "50"]
[EventDate "2009.02.28"]
[EventType "swiss"]
[EventRounds "9"]
[EventCountry "CRO"]
[SourceTitle "CBM 129 Extra"]
[Source "ChessBase"]
[SourceDate "2009.05.05"]
[SourceVersion "2"]
[SourceVersionDate "2009.05.20"]
[SourceQuality "1"]

1. e4 Nf6 2. Nc3 d5 3. e5 d4 4. exf6 dxc3 5. fxg7 cxd2+ 6. Bxd2 Bxg7 7. Qh5 Qd6 8. Nf3 Nc6 9. 0-0-0 Qg6 10. Qb5 a6 11. Qb3 Bg4 12. Bd3 Qe6 13. Bc4 Qg6 14. h3 Bd7 15. g4 e6 16. h4 h5 17. gxh5 Qxh5 18. Rhg1 Rg8 19. Rg5 Qh8 20. Rdg1 0-0-0 21. Qa3 Nd4 22. Bxa6 bxa6 23. Qxa6+ Kb8 24. Bf4 Bc8 25. Qb6+ Ka8 1-0

[Event "Split op 3rd"]
[Site "Split"]
[Date "2009.03.06"]
[Round "7"]
[White "Sunara, Tomislav"]
[Black "Klaric, Ante1111"]
[Result "1/2-1/2"]
[WhiteElo "1953"]
[BlackElo "1700"]
[PlyCount "119"]
[EventDate "2009.02.28"]
[EventType "swiss"]
[EventRounds "9"]
[EventCountry "CRO"]
[SourceTitle "CBM 129 Extra"]
[Source "ChessBase"]
[SourceDate "2009.05.05"]
[SourceVersion "2"]
[SourceVersionDate "2009.05.20"]
[SourceQuality "1"]

1. e4 e6 2. d4 d5 3. Nd2 Nf6 4. Bd3 dxe4 5. Nxe4 Bd7 6. Nf3 Bc6 7. Bg5 Be7 8. Bxf6 Bxf6 9. c3 Nd7 10. Qe2 Bxe4 11. Bxe4 c6 12. 0-0 0-0 13. Rad1 Qc7 14. Qc2 g6 15. Qc1 Bg7 16. Rfe1 Nf6 17. Bd3 Rad8 18. g3 Nd5 19. Bf1 Rd6 20. Bg2 Rfd8 21. Nd2 Ne7 22. Nc4 R6d7 23. Qc2 Nf5 24. Ne3 Nxe3 25. fxe3 e5 26. b4 f5 27. Rf1 Rd6 28. Rde1 Rf6 29. a4 b6 30. Qd3 e4 31. Qc4+ Qf7 32. Qxf7+ Kxf7 33. Rd1 Rfd6 34. g4 Ke6 35. gxf5+ gxf5 36. Bh3 Rf8 37. c4 c5 38. bxc5 bxc5 39. dxc5 Rxd1 40. Rxd1 Be5 41. Rf1 Rg8+ 42. Kh1 Rg5 43. Rf2 Rh5 44. Kg2 Rg5+ 45. Kh1 Rh5 46. Bf1 a5 47. Rd2 f4 48. exf4 Bxf4 49. Rb2 Rxc5 50. Rb6+ Ke5 51. Rb5 Kd4 52. Rxc5 Kxc5 53. h3 Kb4 54. c5 Kxa4 55. Bg2 e3 56. Kg1 e2 57. Kf2 Be3+ 58. Kxe2 Bxc5 59. Bd5 h6 60. Kf3 1/2-1/2

[Event "Split op 3rd"]
[Site "Split"]
[Date "2009.03.03"]
[Round "4"]
[White "Sunara, Tomislav"]
[Black "Paradjina, Dusko"]
[Result "1-0"]
[WhiteElo "1953"]
[BlackElo "1971"]
[PlyCount "105"]
[EventDate "2009.02.28"]
[EventType "swiss"]
[EventRounds "9"]
[EventCountry "CRO"]
[SourceTitle "CBM 129 Extra"]
[Source "ChessBase"]
[SourceDate "2009.05.05"]
[SourceVersion "2"]
[SourceVersionDate "2009.05.20"]
[SourceQuality "1"]

1. f4 d5 2. Nf3 Nf6 3. e3 c5 4. Be2 Nc6 5. 0-0 e6 6. b3 Be7 7. Bb2 a6 8. Kh1 0-0 9. Ng5 h6 10. Nh3 b5 11. d3 Qc7 12. Nd2 Rd8 13. Bf3 e5 14. fxe5 Nxe5 15. Qe2 Bd6 16. Nf4 Nxf3 17. Bxf6 gxf6 18. Nxd5 Qb7 19. Nxf6+ Kg7 20. Rxf3 Be5 21. Raf1 Be6 22. Nde4 Qe7 23. Qf2 Ra7 24. Qh4 a5 25. Qh5 Qc7 26. Ng4 Bxg4 27. Qxg4+ Kh8 28. Qh5 Bg7 29. Rxf7 Qb6 30. Rxa7 Qxa7 31. Qxc5 Qxc5 32. Nxc5 Re8 33. Ne4 Rc8 34. Rf2 b4 35. g4 a4 36. Kg2 Kh7 37. Nd6 Rc6 38. Nc4 a3 39. Rf5 Kg6 40. Kf3 Bc3 41. h4 Re6 42. h5+ Kg7 43. e4 Bd4 44. e5 Re8 45. Ke4 Bc3 46. d4 Kh7 47. d5 Rg8 48. Rf4 Bb2 49. e6 Bc1 50. Rf7+ Kh8 51. Ne5 Rg7 52. Rxg7 Kxg7 53. Kf5 1-0

[Event "Split op 3rd"]
[Site "Split"]
[Date "2009.03.02"]
[Round "3"]
[White "Krnic, Ivan"]
[Black "Sunara, Tomislav"]
[Result "1-0"]
[WhiteElo "2213"]
[BlackElo "1953"]
[PlyCount "49"]
[EventDate "2009.02.28"]
[EventType "swiss"]
[EventRounds "9"]
[EventCountry "CRO"]
[SourceTitle "CBM 129 Extra"]
[Source "ChessBase"]
[SourceDate "2009.05.05"]
[SourceVersion "2"]
[SourceVersionDate "2009.05.20"]
[SourceQuality "1"]

1. e4 e5 2. Nc3 Bc5 3. Bc4 Nf6 4. d3 0-0 5. f4 Bd4 6. Nf3 Bxc3+ 7. bxc3 d5 8. exd5 exf4 9. Bxf4 Nxd5 10. Qd2 Qe7+ 11. Kf2 Qc5+ 12. Be3 Qd6 13. Rhf1 Nc6 14. Kg1 Bg4 15. Ng5 Ne5 16. Bb3 Qc6 17. Bd4 Ng6 18. Rae1 h6 19. Ne4 b6 20. Qf2 Qd7 21. Bxd5 Qxd5 22. Nf6+ gxf6 23. Qxf6 Qxd4+ 24. Qxd4 Be6 25. Qf6 1-0

[Event "Split op 3rd"]
[Site "Split"]
[Date "2009.02.28"]
[Round "1"]
[White "Sunara, Tomislav"]
[Black "Sale, Srdjan"]
[Result "0-1"]
[WhiteElo "1953"]
[BlackElo "2385"]
[PlyCount "54"]
[EventDate "2009.02.28"]
[EventType "swiss"]
[EventRounds "9"]
[EventCountry "CRO"]
[SourceTitle "CBM 129 Extra"]
[Source "ChessBase"]
[SourceDate "2009.05.05"]
[SourceVersion "2"]
[SourceVersionDate "2009.05.20"]
[SourceQuality "1"]

1. e4 c5 2. Nf3 e6 3. d4 cxd4 4. Nxd4 Bc5 5. Nc3 Qb6 6. Na4 Qa5+ 7. c3 Bxd4 8. Qxd4 Nf6 9. b3 Nc6 10. Qe3 b5 11. Nb2 a6 12. Be2 d5 13. b4 Qc7 14. exd5 Nxd5 15. Qc5 Bb7 16. Nd1 Rc8 17. Ne3 Nf4 18. Qg5 f6 19. Qg3 Ne5 20. Bd2 0-0 21. f3 Rfd8 22. Rd1 h5 23. Nc2 Nxe2 24. Kxe2 Qc4+ 25. Kf2 Qxa2 26. Nd4 Rxc3 27. Qh4 Rd3 0-1

[Event "Stobrec Epetium op"]
[Site "Stobrec"]
[Date "2007.08.24"]
[Round "6"]
[White "Sunara, Tomislav"]
[Black "Klaric, Ante"]
[Result "1-0"]
[WhiteElo "1997"]
[BlackElo "1874"]
[PlyCount "51"]
[EventDate "2007.08.18"]
[EventType "swiss"]
[EventRounds "7"]
[EventCountry "CRO"]
[SourceTitle "CBM 120 Extra"]
[Source "ChessBase"]
[SourceDate "2007.11.01"]
[SourceVersion "1"]
[SourceVersionDate "2007.11.01"]
[SourceQuality "1"]

1. e4 e6 2. d4 d5 3. Nc3 Nf6 4. e5 Nfd7 5. f4 h5 6. Nf3 c5 7. Be3 g6 8. Ne2 b6 9. c3 Ba6 10. Ng3 Bxf1 11. Nxf1 Nc6 12. Ng3 h4 13. Ne2 Ne7 14. 0-0 Nf5 15. Bf2 Be7 16. Qd2 Kf8 17. g4 hxg3 18. hxg3 c4 19. Kg2 Kg7 20. Rh1 Rh6 21. g4 Nh4+ 22. Bxh4 Bxh4 23. g5 Rh5 24. Rxh4 Qh8 25. Rah1 Qh7 26. Ng3 1-0

[Event "Solin op"]
[Site "Solin"]
[Date "2007.01.24"]
[Round "5"]
[White "Bozanic, Ivica"]
[Black "Sunara, Tomislav"]
[Result "1-0"]
[WhiteElo "2252"]
[BlackElo "2003"]
[PlyCount "87"]
[EventDate "2007.01.20"]
[EventType "swiss"]
[EventRounds "9"]
[EventCountry "CRO"]
[SourceTitle "CBM 116 Extra"]
[Source "ChessBase"]
[SourceDate "2007.03.07"]
[SourceVersion "1"]
[SourceVersionDate "2007.03.07"]
[SourceQuality "1"]

1. e4 c6 2. d4 d5 3. Nd2 dxe4 4. Nxe4 Bf5 5. Ng3 Bg6 6. N1e2 Nf6 7. Nf4 e6 8. h4 e5 9. Nxg6 hxg6 10. dxe5 Qa5+ 11. Bd2 Qxe5+ 12. Qe2 Bd6 13. 0-0-0 Qxe2 14. Bxe2 Bxg3 15. fxg3 Nbd7 16. Bc4 0-0 17. Bf4 Nb6 18. Be2 Rfe8 19. Bf3 Nbd5 20. a4 Re6 21. Rhe1 Rae8 22. Rxe6 Rxe6 23. c4 Nxf4 24. gxf4 Kf8 25. a5 Ke7 26. Kc2 Nh5 27. f5 Re5 28. fxg6 fxg6 29. a6 bxa6 30. Bxc6 Nf6 31. b4 g5 32. hxg5 Rxg5 33. Ra1 Rg4 34. Kd3 Nd7 35. Bxd7 Kxd7 36. Rxa6 Rxg2 37. Rxa7+ Kc6 38. b5+ Kb6 39. Ra6+ Kb7 40. Re6 Rg1 41. Kd4 Rg5 42. c5 Rg1 43. Re7+ Kc8 44. c6 1-0

[Event "Epetium op"]
[Site "Stobrec"]
[Date "2006.08.16"]
[Round "4"]
[White "Brkic, Ivica"]
[Black "Sunara, Tomislav"]
[Result "1-0"]
[WhiteElo "2171"]
[BlackElo "2035"]
[PlyCount "69"]
[EventDate "2006.08.11"]
[EventType "swiss"]
[EventRounds "7"]
[EventCountry "CRO"]
[SourceTitle "EXT 2007"]
[Source "ChessBase"]
[SourceDate "2006.11.23"]
[SourceVersion "1"]
[SourceVersionDate "2006.11.23"]
[SourceQuality "1"]

1. e4 c5 2. Nf3 Nc6 3. d4 cxd4 4. Nxd4 e5 5. Ne2 Nf6 6. Ng3 d5 7. Bg5 Be6 8. Bd3 Bb4+ 9. c3 Be7 10. 0-0 0-0 11. Nd2 Nxe4 12. Bxe7 Qxe7 13. Ndxe4 dxe4 14. Bxe4 f5 15. Bxc6 bxc6 16. Re1 e4 17. c4 Rad8 18. Qc2 Rd3 19. Nf1 Rfd8 20. Qa4 Qd7 21. Rac1 Rd4 22. b3 f4 23. Qa5 Bf5 24. Qe5 g5 25. Qf6 h6 26. Qxh6 Qe7 27. Qxc6 Kg7 28. Qb5 Qf6 29. c5 g4 30. c6 e3 31. fxe3 f3 32. exd4 f2+ 33. Kh1 fxe1Q 34. Rxe1 Rf8 35. Ng3 1-0